| 000 | 00541nmm a2200157Ia 4500 | ||
|---|---|---|---|
| 008 | 251105s9999||||xx |||||||||||||||||und|| | ||
| 020 | _a9789972429255 | ||
| 041 | _aspa | ||
| 100 | _aChang-Rodríguez, Raquel (ed.) | ||
| 245 | 0 |
_aEntre la espada y la pluma : _b El Inca Garcilaso de la Vega y sus Comentarios reales |
|
| 264 |
_a[Lima, Peru] : _bPontificia Universidad Católica de Perú, _c2010 |
||
| 300 | _a244 páginas | ||
| 650 | _aLatin American literature | ||
| 856 | _uhttps://public.digitaliapublishing.com/a/9850 | ||
| 942 | _cCF | ||
| 999 |
_c97918 _d97918 |
||